| 000 | 00716nam a2200241Ia 4500 | ||
|---|---|---|---|
| 003 | GCL | ||
| 008 | 140319s9999 xx 000 0 ara d | ||
| 040 |
_aGCL / _cGCL |
||
| 082 | 0 | 4 |
_a158.2 _bع غ |
| 100 | 1 | _aعادل صادق | |
| 245 | 1 | 0 |
_aالغيرة والخيانة / _cعادل صادق |
| 260 |
_aالقاهرة : _bدار الشروق ، _c1993 |
||
| 300 |
_a123 ص ؛ _c19سم |
||
| 650 | 0 | 4 | _aالانفعالات النفسية |
| 650 | 0 | 4 | _aالزوجات |
| 650 | 0 | 4 | _aالعواطف |
| 650 | 0 | 4 | _aالغيرة |
| 650 | 0 | 4 | _aالخيانة |
| 650 | 0 | 4 | _aالخيانة الزوجية |
| 650 | 0 | 4 | _aالاسرة - تفكك |
| 650 | 0 | 4 | _aالمرأة - علم النفس |
| 942 |
_2ddc _cBK |
||
| 999 |
_c40623 _d40623 |
||